000 01238nam a2200361 ia4500
003 OSt
005 20230917114022.0
008 230917t20232023my a jr 000 0 eng
020 _a9789672728405
_qpaperback
_cRM 69.90
040 _aPPAK
_beng
_cPPAK
_erda
082 0 4 _a428.6
_223
090 0 0 _a428.6
_bSIN
_dK
100 1 _aSinha, Sukanya,
_eauthor,
245 1 0 _aLET ME READ TO YOU :
_bHow Heavy Is Heavy? /
_cAuthor : Sukanya Sinha ; Illustrator : Hari Kumar Nair.
246 3 3 _aHow Heavy Is Heavy?
264 1 _aPetaling Jaya, Selangor :
_bEdu Apps (Mal) Sdn. Bhd.,
_c2023
264 4 _c©2023
300 _a18 pages :
_bcolour illustrations ;
_c21 cm.
336 _atext
_2rdacontent
336 _astill image
_2rdacontent
337 _aunmediated
_2rdamedia
338 _avolume
_2rdacarrier
490 1 _aSTEM SERIES
500 _aRE@RE recordable audio books
500 _aContain QR codes for pre-recorded audio
650 1 0 _aEnglish language
_vReaders
_vJuvenile fiction
650 2 0 _aWeighing instruments
_vJuvenile literature
650 2 0 _aChildren's stories, English
650 2 0 _aAudiobooks
700 1 _aNair, Hari Kumar,
_eillustrator.
830 0 _aSTEM SERIES
942 _2ddc
_cB
999 _c193086
_d193086